00514nam a2200181Ia 450000500170000000800410001702000240005804000190008204100120010108200160011310000170012924500490014625000120019526000410020750400400024865000340028885000100032220230826110226.0131103s9999 xx 000 0 und d a818589116 8cRs.150 aLoreto College aEnglish a915.46bHUS aHusain,Majid aGeography of Jammu and KashmircMajid Husain a2nd ed. aNew DelhibRajesh Publicationsc1998 aIncludes bibliographical references aJammu and Kashmir - Geography aLCLIB